00928nam a22002417a 4500003000500000005001700005008004100022010001000063011001000073035001100083040000900094100003200103245015200135260004000287300004400327502008300371530003600454650003300490650004200523650002800565650002900593856006400622CHAP20241125092626.0090112s2008 mx a r 00010 spa d a95632 a96604 a107258 cCHAP1 aHinojoza Esquivel, Angelina10aProyecto de inversión nave agroindustrial para "Santa Margarita" frutas y legumbres deshidratadas S. de R.L.M.I.c/por Angelina Hinojosa Esquivel aChapingo, Méx. :bEl autor,c2008 axiii, 109 h. :bilus., gráfs., tablas aTesis (Ing. Agroindustrial) -- UACH. Departamento de Ingenieria Agroindustrial aTambién disponible en línea14aAlimentosxDeshidratación.14aFrutas y legumbresxDeshidratación.14aIndustrias agrícolas.14aProyectosxEvaluación. 3Finding aiduhttp://10.13.5.2/tesis/107258.pdfzTeclea aqui